000 00540nam a2200169 i 4500
001 83215
003 ES-MaACL
005 20230906174808.0
007 t|
008 041116s1967 sp ||||1| spa d
110 2 _aInstituto Nacional de Industria (España)
_93953
245 1 0 _aMemoria del ejercicio 1964 /
_cInstituto Nacional de Industria.
260 _a[S.l. :
_bs.n.,
_c1967]
300 _a576 p., 7 lám. ;
_c30 cm.
610 2 4 _aInstituto Nacional de Industria (España)-
_vMemorias.
_9170432
852 _aES-MaACL
_jC-33929
_bR.64495
999 _c83215
_d83215